|
|
|
|
| LEADER |
00922nam a2200253 a 4500 |
| 001 |
986262 |
| 008 |
091102s1985 bg b 000 0 eng d |
| 010 |
|
|
|a 85905275
|
| 020 |
|
|
|c Tk85.00
|
| 040 |
|
|
|a DLC
|c DLC
|d DLC
|
| 082 |
0 |
0 |
|a 337.1/59
|2 19
|
| 100 |
1 |
|
|a Rahman, Atiur,
|d 1951-
|
| 245 |
1 |
0 |
|a Political economy of SARC /
|c Atiur Rahman.
|
| 260 |
|
|
|a Dhaka :
|b University Press Ltd.,
|c 1985.
|
| 300 |
|
|
|a x, 99 p. ;
|c 22 cm.
|
| 504 |
|
|
|a Includes bibliographies.
|
| 541 |
1 |
|
|e 00008356
|
| 651 |
|
0 |
|a South Asia
|x Economic conditions.
|
| 651 |
|
0 |
|a South Asia
|x Foreign economic relations.
|
| 610 |
2 |
0 |
|a South Asian Regional Cooperation.
|
| 710 |
2 |
|
|a South Asian Regional Cooperation.
|
| 852 |
4 |
|
|a Ayesha Abed Library
|j General Shelf.
|
| 999 |
|
|
|c 5026
|d 5026
|
| 952 |
|
|
|0 0
|1 0
|2 ddc
|4 0
|6 337_159000000000000_RAH_1985
|7 0
|8 NFIC
|9 4852
|a BRACUL
|b BRACUL
|c GEN
|d 2009-11-03
|g 85.00
|l 0
|o 337.159 RAH
|p 3010008356
|r 2009-11-03
|t 1
|w 2009-11-03
|y BK
|